Tips de siempre : los pequeños detalles de la educación para cambiar al mundo.

Guardado en:
Detalles Bibliográficos
Autor principal: Botello Mier, Oscar (autor)
Formato: Libro
Idioma:Español
Temas:
Etiquetas: Agrega una etiqueta
Sin etiquetas, Sé el primero en etiquetar este registro!

MARC

LEADER 00000cam^a2200000uu^4500
001 000485687
005 20250521000000.0
008 032608s1995^^^^^^^^^^^^rd^r^^000^0^spa^d
009 20260310125204.193
022 |a 970916760X 
035 |a FCE 000028763 
035 |a FCE 027950 
037 |a Acervo ITESO - Biblioteca 
041 |a spa 
082 0 4 |a 371.30281  |b BOTt 
100 |a Botello Mier, Oscar  |e (autor) 
245 1 0 |a Tips de siempre :  |b los pequeños detalles de la educación para cambiar al mundo. 
264 |a México :  |b O. Botello Mier,  |c 1995. 
300 |a 175 p. 
336 |a texto  |b txt  |2 rdacontenido 
337 |a sin mediación  |b n  |2 rdamedio 
338 |a volumen  |b nc  |2 rdasoporte 
649 |a XX 
650 |a Desarrollo intelectual 
650 |a Técnicas de estudio 
650 |a Método de aprendizaje 
650 |a Guía del estudiante 
910 |a Fondo Centro de Estudios Educativos 
920 |a Impresos - Libros 
930 |a Fondos Especiales 
905 |a 133 
901 |a ALE027950  |b IT2  |c CEE  |u 20250521 
902 |a https://opac.biblio.iteso.mx/vufind/Record/000485687